Best Players to never win the UEFA Champions League/European Cup - Statistics

General Stats
  • This quiz has been taken 60 times
    57 since last reset
  • The average score is 14 of 18
Answer Stats
Country Career history Club honours International honours Players % Correct
Sweden Ajax 2001-2004
Juventus 2004-2006 Inter 2006-2009 Barcelona 2009-2011 Milan 2010-2011 (Loan) Milan 2011-2012 Paris Saint Germain 2012-2016
Serie A 2006/07,2007/08,2008/09 UEFA Europa League 2016/17 N/A Zlatan Ibrahimovic
98%
Brazil Barcelona 1996-1997
Inter 1997- 2002 Real Madrid 2002-2007 Milan 2007-2008
UEFA Cup 1997/98La Liga 2002/03 FIFA World Cup 1994 & 2002 Ronaldo
94%
Italy Juventus 2001-2018 Paris Saint Germain 2018-2019 UEFA Cup 1998/99 Serie A 2011/12 FIFA World Cup 2006 Gianluigi Buffon
88%
Germany Bayer Leverkusen 1999-2002 Bayern Munich 2002-2006 Chelsea 2006-2010 Premier League 2009/10 Bundesliga 1997/98 N/A Michael Ballack
88%
Argentina Atletico Madrid 2006-2011 Manchester City 2011-2021 Barcelona 2021 UEFA Europa League 2009/10 Premier League 2011/12 Copa America 2021 Sergio Aguero
88%
Argentina Boca Juniors 1981-1982 Barcelona 1982-1984 Napoli 1984-1991 Serie A 1986/87 UEFA Cup 1988/89 FIFA World Cup 1986 Diego Maradona
84%
Netherlands PSV 1998- 2001 Manchester United2001-2006 Real Madrid 2006-2010 Premier League 2002/03 La Liga 2006/07 N/A Ruud Van Nistelrooy
84%
Spain Arsenal 2003-2011
Barcelona 2011-2014 Chelsea 2014-2019
La Liga 2012/13 Premier League 2014/15 FIFA World Cup 2010UEFA Euros 2012 Cesc Fabregas
82%
Italy Inter 2002-2004
Juventus 2004-2006
Real Madrid 2006-2009
UEFA Cup 1998/99 La Liga 2007/08 FIFA World Cup 2006 Fabio Cannavaro
80%
Liberia Milan 1995-2000 Chelsea 2000 (Loan) Serie A 1995/96 FA Cup 1999/00 N/A George Weah
80%
Netherlands Ajax 1986-1993 Inter 1993-1995 Arsenal 1995-2006 UEFA Cup 1991/92 Premier League 2003/04 N/A Dennis Bergkamp
76%
France Leeds 1992 Manchester United 1992-1997 Footbal League First Division 1991/92 Premier League 1992/93 Kirin Cup 1994 Eric Cantona
73%
Brazil PSV 1988-1993 Barcelona 1993-1995 Eredivisie 1988/89 La Liga 1993/94 FIFA World Cup 1994
Copa America 1989
Romario
71%
France Parma 1996-2001
Juventus 2001-2006 Barcelona 2006-2008
UEFA Cup 1998/99 Serie A 2002/03 FIFA World Cup 1998UEFA Euros 2000 Lilian Thuram
69%
Argentina Inter 2002-2003
Chelsea 2003-2008 Milan 2004-2005 (Loan) Inter 2006-2008 (Loan) Inter 2008-2009
Premier League 2005/06 UEFA Cup 1998/99 Pan American Games Gold Medal 1995 Hernan Crespo
67%
Germany Bayern Munich 1984-1988 Inter 1988-1992 Bayern Munich 1992-2000 UEFA Cup 1990/91 UEFA Cup 1995/96 FIFA World Cup 1990 UEFA Euros 1980 Lothar Matthaus
67%
France Milan 1995-1996 Arsenal 1996-2005 Juventus 2005-2006 Inter Milan 2006-2010 Premier League 2003/04 Serie A 2008/09 FIFA World Cup 1998 UEFA Euros 2000 Patrick Vieira
61%
Italy Juventus 1990-1995 Milan 1995-1997 Inter 1998-2000 UEFA Cup 1992/93 Serie A 1995/96 N/A Roberto Baggio
43%
No matching quizzes found
Score Distribution
Percent of People with Each Score
Percentile by Number Answered
Your Score History
You have not taken this quiz since the last reset